[Event "Phillips & Drew GLC Knights"]
[Site "London, County Hall"]
[Date "1982.04.19"]
[Round "5"]
[White "Formanek, Edward W"]
[Black "Flear, Glenn C"]
[Result "1-0"]
[WhiteElo "2330"]
[BlackElo "2390"]
[PlyCount "87"]
[EventDate "1982.04.15"]
[EventType "tourn"]
[EventRounds "15"]
[EventCountry "ENG"]
[SourceTitle "BritBase"]
[Source "John Saunders"]
[SourceDate "2023.10.13"]
[SourceVersion "1"]
[SourceVersionDate "2023.10.13"]
[SourceQuality "1"]

1. d4 d5 2. c4 e6 3. Nc3 c6 4. Nf3 dxc4 5. a4 Bb4 6. g3 Nf6 7. Bg2 Nbd7 8. O-O
a5 9. Qc2 O-O 10. Rd1 Qe7 11. Na2 Bd6 12. Qxc4 e5 13. Qc2 exd4 14. Nxd4 Nc5 15.
Nc3 Re8 16. f3 Bd7 17. e4 Rad8 18. Be3 Nd5 19. Nxd5 cxd5 20. Nb5 Bxb5 21. axb5
dxe4 22. Rxd6 Qxd6 23. Bxc5 Qd3 24. Qxd3 exd3 25. Rd1 Rd5 26. Ba3 d2 27. Kf2
Red8 28. Bf1 Rc8 29. f4 Rcd8 30. b6 h5 31. Bc4 Rd4 32. Be2 R4d5 33. b3 g6 34.
Be7 Re8 35. Bc4 Rd7 36. Bc5 a4 37. bxa4 Rc8 38. Bb5 Rd5 39. Be3 Rc2 40. Ke2 Rd6
41. Bd3 Ra2 42. Be4 Rxa4 43. Bxb7 Ra2 44. Bf3 1-0

[Event "Phillips & Drew GLC Knights"]
[Site "London, County Hall"]
[Date "1982.04.19"]
[Round "5"]
[White "Hartoch, Robert G"]
[Black "Watson, William Nicholas"]
[Result "1/2-1/2"]
[WhiteElo "2390"]
[BlackElo "2330"]
[PlyCount "36"]
[EventDate "1982.04.15"]
[EventType "tourn"]
[EventRounds "15"]
[EventCountry "ENG"]
[SourceTitle "BritBase"]
[Source "John Saunders"]
[SourceDate "2023.10.13"]
[SourceVersion "1"]
[SourceVersionDate "2023.10.13"]
[SourceQuality "1"]

1. d4 Nf6 2. Nf3 g6 3. Bg5 Bg7 4. Nbd2 d5 5. e3 O-O 6. Bd3 c5 7. c3 b6 8. O-O
Nc6 9. Qb1 Re8 10. b4 a6 11. b5 axb5 12. Bxb5 Bd7 13. a4 Qc7 14. Bf4 Qb7 15.
Ne5 Nxe5 16. Bxe5 Bxb5 17. Qxb5 Ra5 18. Qb2 Qc6 1/2-1/2

[Event "Phillips & Drew GLC Knights"]
[Site "London, County Hall"]
[Date "1982.04.19"]
[Round "5"]
[White "Kopec, Danny"]
[Black "Sowray, Peter John"]
[Result "0-1"]
[WhiteElo "2375"]
[BlackElo "2270"]
[PlyCount "76"]
[EventDate "1982.04.15"]
[EventType "tourn"]
[EventRounds "15"]
[EventCountry "ENG"]
[SourceTitle "BritBase"]
[Source "John Saunders"]
[SourceDate "2023.10.13"]
[SourceVersion "1"]
[SourceVersionDate "2023.10.13"]
[SourceQuality "1"]

1. d4 d5 2. Nf3 Nc6 3. c4 Bg4 4. Nc3 e6 5. e3 a6 6. Be2 Nge7 7. b3 Nf5 8. a3 g6
9. h3 Bxf3 10. Bxf3 Nce7 11. Bb2 Bg7 12. O-O O-O 13. Rc1 Rb8 14. Qd3 dxc4 15.
Qxc4 b5 16. Qc5 Nh4 17. Be2 Rb6 18. Ne4 Nd5 19. Qc2 f5 20. Nc3 Qg5 21. g3 Nxe3
22. Qd2 f4 23. Ne4 Nxf1 24. Qd3 Qh6 25. gxh4 Ne3 26. fxe3 fxe3 27. Rxc7 Qxh4
28. Qxe3 Bh6 29. Qd3 Bf4 30. Rd7 Rd6 31. Rxd6 Bxd6 32. Nxd6 Qf2+ 33. Kh1 Qe1+
34. Kg2 Qf2+ 35. Kh1 Qe1+ 36. Kg2 Rf2+ 37. Kg3 Rxe2+ 38. Kg4 Re3 0-1

[Event "Phillips & Drew GLC Knights"]
[Site "London, County Hall"]
[Date "1982.04.19"]
[Round "5"]
[White "Norris, Alan J"]
[Black "King, Daniel John"]
[Result "1/2-1/2"]
[WhiteElo "2265"]
[BlackElo "2365"]
[PlyCount "93"]
[EventDate "1982.04.15"]
[EventType "tourn"]
[EventRounds "15"]
[EventCountry "ENG"]
[SourceTitle "BritBase"]
[Source "John Saunders"]
[SourceDate "2023.10.13"]
[SourceVersion "1"]
[SourceVersionDate "2023.10.13"]
[SourceQuality "1"]

1. e4 c5 2. Nf3 Nc6 3. c3 Nf6 4. e5 Nd5 5. d4 cxd4 6. Bc4 Nb6 7. Bb3 d5 8. exd6
Qxd6 9. Nxd4 Nxd4 10. cxd4 Be6 11. Nc3 Bxb3 12. Qxb3 e6 13. O-O Be7 14. Nb5 Qd8
15. Bf4 Nd5 16. Be5 O-O 17. Rac1 Qb6 18. Nc7 Qxb3 19. axb3 Rac8 20. Nxd5 exd5
21. Rfd1 Bb4 22. Kf1 Rfe8 23. f3 f6 24. Bf4 Kf7 25. Kf2 g5 26. Rxc8 Rxc8 27.
Rc1 Rc6 28. Rxc6 bxc6 29. Bb8 a6 30. g4 Ke6 31. Ba7 Kd6 32. Bb8+ Kd7 33. Ke3 c5
34. f4 cxd4+ 35. Kxd4 Bd6 36. Bxd6 Kxd6 37. f5 a5 38. b4 axb4 39. b3 Kc6 40.
Ke3 Kc5 41. Kd3 d4 42. Ke4 d3 43. Kxd3 Kd5 44. h3 h6 45. Ke3 Ke5 46. Kd3 Kd5
47. Ke3 1/2-1/2

[Event "Phillips & Drew GLC Knights"]
[Site "London, County Hall"]
[Date "1982.04.19"]
[Round "5"]
[White "Rumens, David E"]
[Black "McNab, Colin Anderson"]
[Result "1/2-1/2"]
[WhiteElo "2320"]
[BlackElo "2340"]
[PlyCount "53"]
[EventDate "1982.04.15"]
[EventType "tourn"]
[EventRounds "15"]
[EventCountry "ENG"]
[SourceTitle "BritBase"]
[Source "John Saunders"]
[SourceDate "2023.10.13"]
[SourceVersion "1"]
[SourceVersionDate "2023.10.13"]
[SourceQuality "1"]

1. e4 g6 2. f4 Bg7 3. Nf3 d5 4. exd5 Qxd5 5. Nc3 Qd8 6. Bc4 Nh6 7. O-O Nc6 8.
Ne4 O-O 9. a4 Bg4 10. d3 Nd4 11. Neg5 Nxf3+ 12. Nxf3 Nf5 13. h3 Bxf3 14. Qxf3
Qd4+ 15. Kh2 Nd6 16. Bb3 e5 17. a5 exf4 18. c3 Qf6 19. Bxf4 Rae8 20. Qd5 Qe7
21. d4 Kh8 22. Bg3 Ne4 23. Rxf7 Rxf7 24. Qxf7 Nxg3 25. Qxe7 Rxe7 26. Kxg3 Re3+
27. Kf2 1/2-1/2

[Event "Phillips & Drew GLC Knights"]
[Site "London, County Hall"]
[Date "1982.04.20"]
[Round "6"]
[White "Conquest, Stuart C"]
[Black "Britton, Richard L"]
[Result "1-0"]
[WhiteElo "2315"]
[BlackElo "2285"]
[PlyCount "51"]
[EventDate "1982.04.15"]
[EventType "tourn"]
[EventRounds "15"]
[EventCountry "ENG"]
[SourceTitle "BritBase"]
[Source "John Saunders"]
[SourceDate "2023.10.13"]
[SourceVersion "1"]
[SourceVersionDate "2023.10.13"]
[SourceQuality "1"]

1. d4 Nf6 2. c4 g6 3. Nc3 Bg7 4. e4 O-O 5. Be3 d6 6. f3 e5 7. d5 Nh5 8. Qd2 f5
9. O-O-O Nd7 10. Bd3 Ndf6 11. Nge2 fxe4 12. Nxe4 Nxe4 13. Bxe4 b5 14. c5 a5 15.
h4 Bf5 16. Bb1 dxc5 17. g4 Bxb1 18. Kxb1 Nf4 19. Nxf4 exf4 20. Bxc5 Rf7 21. h5
Rd7 22. hxg6 hxg6 23. Rhe1 Qg5 24. Re4 c6 25. Qe2 Kf7 26. Rxf4+ 1-0

[Event "Phillips & Drew GLC Knights"]
[Site "London, County Hall"]
[Date "1982.04.20"]
[Round "6"]
[White "Cox, John J"]
[Black "Fedorowicz, John P"]
[Result "0-1"]
[WhiteElo "2285"]
[BlackElo "2455"]
[PlyCount "58"]
[EventDate "1982.04.15"]
[EventType "tourn"]
[EventRounds "15"]
[EventCountry "ENG"]
[SourceTitle "BritBase"]
[Source "John Saunders"]
[SourceDate "2023.10.13"]
[SourceVersion "1"]
[SourceVersionDate "2023.10.13"]
[SourceQuality "1"]

1. c4 b6 2. Nc3 c5 3. Nf3 Nf6 4. e4 d6 5. g3 Bb7 6. d3 g6 7. Bg2 Bg7 8. O-O O-O
9. Re1 Nc6 10. d4 cxd4 11. Nxd4 Nxd4 12. Qxd4 Nd7 13. Qe3 Rc8 14. Bf1 Ne5 15.
b3 Ng4 16. Qd2 b5 17. Bb2 Ne5 18. Kg2 bxc4 19. f3 Nd3 20. Bxd3 cxd3 21. Qxd3 d5
22. Rad1 dxe4 23. Qe2 Qa5 24. Na4 Bxb2 25. Qxb2 Qh5 26. h3 Qxf3+ 27. Kh2 e3 28.
Re2 Ba6 29. Ree1 e2 0-1

[Event "Phillips & Drew GLC Knights"]
[Site "London, County Hall"]
[Date "1982.04.20"]
[Round "6"]
[White "Flear, Glenn C"]
[Black "Kopec, Danny"]
[Result "1-0"]
[WhiteElo "2390"]
[BlackElo "2375"]
[PlyCount "81"]
[EventDate "1982.04.15"]
[EventType "tourn"]
[EventRounds "15"]
[EventCountry "ENG"]
[SourceTitle "BritBase"]
[Source "John Saunders"]
[SourceDate "2023.10.13"]
[SourceVersion "1"]
[SourceVersionDate "2023.10.13"]
[SourceQuality "1"]

1. d4 Nf6 2. c4 c5 3. d5 e6 4. Nc3 exd5 5. cxd5 d6 6. e4 g6 7. Nf3 Bg7 8. Be2
O-O 9. O-O Re8 10. Nd2 Na6 11. f3 Nc7 12. a4 b6 13. Nc4 Ba6 14. Bg5 Bxc4 15.
Bxc4 a6 16. Qd3 h6 17. Bd2 Qe7 18. Rae1 Qe5 19. Ne2 Nd7 20. b4 Qe7 21. b5 Ne5
22. Qb3 axb5 23. axb5 Qd7 24. Rb1 Ra7 25. Nc3 Nxc4 26. Qxc4 Rea8 27. Bc1 Qe7
28. Bb2 Bd4+ 29. Kh1 Ne8 30. Nd1 Ra4 31. Qc1 Qh4 32. Bxd4 Rxd4 33. Nb2 Ra2 34.
Qc3 Qg5 35. Qb3 Rd2 36. Rg1 Nf6 37. Qxa2 Nh5 38. Qa8+ Kg7 39. Qc8 f5 40. Qd7+
Kh8 41. Qxd6 1-0

[Event "Phillips & Drew GLC Knights"]
[Site "London, County Hall"]
[Date "1982.04.20"]
[Round "6"]
[White "Franklin, Michael J"]
[Black "McNab, Colin Anderson"]
[Result "1/2-1/2"]
[WhiteElo "2315"]
[BlackElo "2340"]
[PlyCount "82"]
[EventDate "1982.04.15"]
[EventType "tourn"]
[EventRounds "15"]
[EventCountry "ENG"]
[SourceTitle "BritBase"]
[Source "John Saunders"]
[SourceDate "2023.10.13"]
[SourceVersion "1"]
[SourceVersionDate "2023.10.13"]
[SourceQuality "1"]

1. d4 d6 2. Nf3 g6 3. Bf4 Bg7 4. e3 Nf6 5. Bc4 O-O 6. Nbd2 c6 7. a4 Nbd7 8. h3
Nd5 9. Bh2 e5 10. O-O Qe7 11. e4 Nf4 12. Re1 Bh6 13. Bf1 exd4 14. Nxd4 Ne5 15.
N2f3 Rd8 16. Kh1 Qf6 17. Ra3 a5 18. Rb3 Kg7 19. c4 Kg8 20. Qc2 Ne6 21. Nxe6
Bxe6 22. Rd1 Bf4 23. Bxf4 Qxf4 24. Nd4 Bc8 25. g3 Qf6 26. f4 Nd7 27. Rbd3 Nc5
28. R3d2 Re8 29. Bg2 h5 30. Rf1 Bxh3 31. Bxh3 Nxe4 32. Rd3 Nc5 33. Rdd1 h4 34.
g4 Re3 35. Kh2 Ne4 36. Rd3 Ng3 37. Rf2 Re1 38. Bg2 Rae8 39. g5 Qh8 40. Nf3 R1e2
41. Rd2 R2e3 1/2-1/2

[Event "Phillips & Drew GLC Knights"]
[Site "London, County Hall"]
[Date "1982.04.20"]
[Round "6"]
[White "King, Daniel John"]
[Black "Formanek, Edward W"]
[Result "1-0"]
[WhiteElo "2365"]
[BlackElo "2330"]
[PlyCount "41"]
[EventDate "1982.04.15"]
[EventType "tourn"]
[EventRounds "15"]
[EventCountry "ENG"]
[SourceTitle "BritBase"]
[Source "John Saunders"]
[SourceDate "2023.10.13"]
[SourceVersion "1"]
[SourceVersionDate "2023.10.13"]
[SourceQuality "1"]

1. e4 e6 2. d4 d5 3. Nd2 Nc6 4. Ngf3 Nf6 5. e5 Nd7 6. Bb5 a6 7. Bxc6 bxc6 8. c4
c5 9. cxd5 exd5 10. O-O cxd4 11. Nxd4 c5 12. e6 cxd4 13. exf7+ Kxf7 14. Qh5+
Ke6 15. Re1+ Kd6 16. Nb3 Nf6 17. Bf4+ Kc6 18. Qe5 Kb6 19. Rac1 d3 20. Qc3 Ka7
21. Bc7 1-0

[Event "Phillips & Drew GLC Knights"]
[Site "London, County Hall"]
[Date "1982.04.20"]
[Round "6"]
[White "Nicholson, John Graham"]
[Black "Hartoch, Robert G"]
[Result "1/2-1/2"]
[WhiteElo "2300"]
[BlackElo "2390"]
[PlyCount "44"]
[EventDate "1982.04.15"]
[EventType "tourn"]
[EventRounds "15"]
[EventCountry "ENG"]
[SourceTitle "BritBase"]
[Source "John Saunders"]
[SourceDate "2023.10.13"]
[SourceVersion "1"]
[SourceVersionDate "2023.10.13"]
[SourceQuality "1"]

1. e4 g6 2. d4 Bg7 3. Nf3 d6 4. Nc3 Nf6 5. Be2 O-O 6. O-O c5 7. e5 dxe5 8. dxe5
Ng4 9. Bg5 Nc6 10. Qd5 Qa5 11. Bb5 Be6 12. Qe4 Ngxe5 13. Nxe5 Nxe5 14. Bxe7
Rfc8 15. Be2 Re8 16. Qh4 Nc6 17. Bf6 Qb4 18. Qxb4 Nxb4 19. Bxg7 Kxg7 20. Rfc1
Bf5 21. Bb5 Red8 22. Ba4 Rd2 {... 41 moves} 1/2-1/2

[Event "Phillips & Drew GLC Knights"]
[Site "London, County Hall"]
[Date "1982.04.20"]
[Round "6"]
[White "Sowray, Peter John"]
[Black "Rumens, David E"]
[Result "1-0"]
[WhiteElo "2270"]
[BlackElo "2320"]
[PlyCount "140"]
[EventDate "1982.04.15"]
[EventType "tourn"]
[EventRounds "15"]
[EventCountry "ENG"]
[SourceTitle "BritBase"]
[Source "John Saunders"]
[SourceDate "2023.10.13"]
[SourceVersion "1"]
[SourceVersionDate "2023.10.13"]
[SourceQuality "1"]

1. d4 f5 2. Nf3 Nf6 3. g3 e6 4. Bg2 Be7 5. O-O O-O 6. c4 d6 7. Nc3 Qe8 8. b3 a5
9. Bb2 c6 10. Qd3 d5 11. Ne5 Nbd7 12. cxd5 exd5 13. Rac1 Qh5 14. Na4 Ng4 15.
Nxg4 fxg4 16. e4 Rf3 17. Qe2 dxe4 18. Qxe4 Bg5 19. Qe6+ Kh8 20. Rce1 Nf6 21.
Qd6 Bf5 22. Re5 Ne4 23. Qc7 Bf6 24. Rxa5 Re8 25. Qxb7 Ng5 26. Ra8 h6 27. Qxc6
Rxa8 28. Qxa8+ Kh7 29. Nc5 Rf4 30. Qd5 Nf3+ 31. Bxf3 gxf3 32. Nd3 Rh4 33. Ne1
Re4 34. b4 Re2 35. Bc1 Qh3 36. Qxf3 Rxa2 37. Be3 Ra1 38. Qg2 Qh5 39. Nd3 Bh3
40. Qxh3 Qxh3 41. Rxa1 Qf5 42. Nc5 Qc2 43. h4 Qb2 44. Rd1 Qc2 45. Rd2 Qb1+ 46.
Kh2 Qxb4 47. d5 Bc3 48. Rd3 Be5 49. d6 Qxh4+ 50. Kg2 Qd8 51. d7 Qa8+ 52. Kh2
Bf6 53. Rd2 Kg6 54. Ne6 Kf7 55. d8=Q Bxd8 56. Nxd8+ Kg6 57. Ne6 Qc6 58. Rb2 Kh7
59. Rb6 Qf3 60. Bd4 g5 61. Ra6 Qh5+ 62. Kg2 Qe2 63. Ra7+ Kg6 64. Nf8+ Kh5 65.
Rd7 Kg4 66. Rf7 Kh5 67. Be3 Qa2 68. Rf6 Qb2 69. Rb6 Qe2 70. Ne6 Qa2 1-0

[Event "Phillips & Drew GLC Knights"]
[Site "London, County Hall"]
[Date "1982.04.20"]
[Round "6"]
[White "Watson, William Nicholas"]
[Black "Norris, Alan J"]
[Result "1/2-1/2"]
[WhiteElo "2330"]
[BlackElo "2265"]
[PlyCount "94"]
[EventDate "1982.04.15"]
[EventType "tourn"]
[EventRounds "15"]
[EventCountry "ENG"]
[SourceTitle "BritBase"]
[Source "John Saunders"]
[SourceDate "2023.10.13"]
[SourceVersion "1"]
[SourceVersionDate "2023.10.13"]
[SourceQuality "1"]

1. e4 e6 2. d4 d5 3. Nc3 Bb4 4. Nge2 dxe4 5. a3 Be7 6. Nxe4 Nc6 7. Bf4 Nf6 8.
Qd3 O-O 9. O-O-O a6 10. Nxf6+ Bxf6 11. Qg3 b5 12. Bxc7 Qd7 13. Be5 Bxe5 14.
dxe5 Qc7 15. Nd4 Nxe5 16. Nf3 f6 17. Nxe5 fxe5 18. Bd3 Rf4 19. Rhe1 Bb7 20. Qh3
e4 21. Qxe6+ Qf7 22. Qxf7+ Rxf7 23. Bxe4 Bxe4 24. Rxe4 Rxf2 25. Rg4 Re8 26. Kb1
Ree2 27. Rd8+ Kf7 28. Rd7+ Ke6 29. Rgxg7 Rxc2 30. Rge7+ Kf5 31. Rf7+ Ke4 32.
Rfe7+ Kf5 33. Rf7+ Ke4 34. Rxf2 Rxf2 35. Rxh7 Rxg2 36. h4 Rh2 37. Ka2 Kd5 38.
h5 a5 39. a4 Kc5 40. axb5 Kxb5 41. h6 Rh3 42. Rh8 Kb6 43. b3 Ka7 44. Ka3 Rh4
45. Kb2 Rh3 46. Kc2 Kb7 47. Kd2 Rxb3 1/2-1/2

[Event "Phillips & Drew GLC Knights"]
[Site "London, County Hall"]
[Date "1982.04.21"]
[Round "7"]
[White "Britton, Richard L"]
[Black "Franklin, Michael J"]
[Result "1-0"]
[WhiteElo "2285"]
[BlackElo "2315"]
[PlyCount "59"]
[EventDate "1982.04.15"]
[EventType "tourn"]
[EventRounds "15"]
[EventCountry "ENG"]
[SourceTitle "BritBase"]
[Source "John Saunders"]
[SourceDate "2023.10.13"]
[SourceVersion "1"]
[SourceVersionDate "2023.10.13"]
[SourceQuality "1"]

1. e4 c5 2. Nf3 a6 3. Nc3 b5 4. d4 cxd4 5. Nxd4 Bb7 6. Bd3 e6 7. O-O Qc7 8. Be3
Nf6 9. a3 Be7 10. f4 d6 11. Qf3 Nbd7 12. Rae1 h5 13. Kh1 h4 14. Qh3 Nc5 15. Bg1
Nh5 16. Be2 O-O-O 17. Bxh5 Rxh5 18. b4 Nd7 19. Rf3 Kb8 20. a4 bxa4 21. Nxa4 Rc8
22. Rb3 Ka8 23. b5 a5 24. Nc6 Bxc6 25. bxc6 Qxc6 26. Nb6+ Nxb6 27. Rxb6 Qc4 28.
Reb1 d5 29. Qc3 Bb4 30. R1xb4 1-0

[Event "Phillips & Drew GLC Knights"]
[Site "London, County Hall"]
[Date "1982.04.21"]
[Round "7"]
[White "Fedorowicz, John P"]
[Black "Conquest, Stuart C"]
[Result "1-0"]
[WhiteElo "2455"]
[BlackElo "2315"]
[PlyCount "69"]
[EventDate "1982.04.15"]
[EventType "tourn"]
[EventRounds "15"]
[EventCountry "ENG"]
[SourceTitle "BritBase"]
[Source "John Saunders"]
[SourceDate "2023.10.13"]
[SourceVersion "1"]
[SourceVersionDate "2023.10.13"]
[SourceQuality "1"]

1. d4 g6 2. e4 Bg7 3. Nc3 c5 4. d5 d6 5. Nf3 Bg4 6. Be2 Bxf3 7. Bxf3 Na6 8. O-O
Nf6 9. Bf4 Nd7 10. Qd2 O-O 11. Be2 Qa5 12. Bh6 Rfc8 13. Bxg7 Kxg7 14. a4 c4 15.
Bg4 Nab8 16. f4 Qc5+ 17. Kh1 Re8 18. Rae1 f6 19. Nb5 Nf8 20. b4 Qb6 21. Nd4 a5
22. b5 Nbd7 23. Qc3 Qc7 24. Bxd7 Qxd7 25. Qxc4 Rac8 26. Qd3 e5 27. fxe5 dxe5
28. Nb3 b6 29. c4 Qd8 30. c5 bxc5 31. Qc3 f5 32. exf5 Qxd5 33. f6+ Kf7 34. Nxa5
Nd7 35. Rd1 1-0

[Event "Phillips & Drew GLC Knights"]
[Site "London, County Hall"]
[Date "1982.04.21"]
[Round "7"]
[White "Formanek, Edward W"]
[Black "Watson, William Nicholas"]
[Result "0-1"]
[WhiteElo "2330"]
[BlackElo "2330"]
[PlyCount "80"]
[EventDate "1982.04.15"]
[EventType "tourn"]
[EventRounds "15"]
[EventCountry "ENG"]
[SourceTitle "BritBase"]
[Source "John Saunders"]
[SourceDate "2023.10.13"]
[SourceVersion "1"]
[SourceVersionDate "2023.10.13"]
[SourceQuality "1"]

1. d4 Nf6 2. c4 g6 3. Nc3 Bg7 4. e4 d6 5. f3 O-O 6. Be3 Nc6 7. Qd2 a6 8. Nge2
Rb8 9. Rd1 Re8 10. d5 Ne5 11. Nd4 c5 12. Nc2 Bd7 13. a4 e6 14. dxe6 Bxe6 15.
Na3 Qb6 16. Qc2 Rbd8 17. Be2 Qb4 18. Bd2 Bxc4 19. Nxc4 Nxc4 20. Nd5 Nxd5 21.
Bxb4 Nce3 22. Qb3 Nxb4 23. Kf2 Nxd1+ 24. Rxd1 a5 25. g4 Bd4+ 26. Kg3 d5 27. Bb5
Re5 28. exd5 Re3 29. Qc4 Rxd5 30. Kg2 h5 31. h3 h4 32. Rd2 g5 33. Re2 Rxe2+ 34.
Qxe2 Re5 35. Qd2 Nd5 36. Qxa5 Bxb2 37. Qa8+ Kg7 38. Qxb7 Nf4+ 39. Kf1 Rd5 40.
Be2 Rd2 0-1

[Event "Phillips & Drew GLC Knights"]
[Site "London, County Hall"]
[Date "1982.04.21"]
[Round "7"]
[White "Hartoch, Robert G"]
[Black "Cox, John J"]
[Result "1-0"]
[WhiteElo "2390"]
[BlackElo "2285"]
[PlyCount "79"]
[EventDate "1982.04.15"]
[EventType "tourn"]
[EventRounds "15"]
[EventCountry "ENG"]
[SourceTitle "BritBase"]
[Source "John Saunders"]
[SourceDate "2023.10.13"]
[SourceVersion "1"]
[SourceVersionDate "2023.10.13"]
[SourceQuality "1"]

1. d4 d5 2. Nf3 Nc6 3. g3 Bg4 4. Bg2 e6 5. O-O Bxf3 6. Bxf3 f5 7. c4 Nf6 8.
cxd5 exd5 9. Bg5 Be7 10. Bxf6 Bxf6 11. Nc3 Nxd4 12. Bxd5 c6 13. e3 cxd5 14.
exd4 Qd7 15. Re1+ Kf7 16. Rc1 Rhd8 17. Re2 Rac8 18. Rec2 Rc6 19. Ne2 Bg5 20.
Rxc6 bxc6 21. Rc3 Re8 22. Qc2 Qe6 23. Kf1 Rc8 24. h4 Bh6 25. Ng1 g6 26. Nf3 Qe4
27. Ne5+ Ke8 28. Qxe4 dxe4 29. Nxc6 Rc7 30. Ke2 Bg7 31. Ke3 Rb7 32. b3 Kd7 33.
Ne5+ Bxe5 34. dxe5 Ke6 35. Kf4 Kd5 36. Rc8 Re7 37. Rd8+ Kc5 38. Rd6 Kb4 39. e6
Kc5 40. Ke5 1-0

[Event "Phillips & Drew GLC Knights"]
[Site "London, County Hall"]
[Date "1982.04.21"]
[Round "7"]
[White "Kopec, Danny"]
[Black "King, Daniel John"]
[Result "1-0"]
[WhiteElo "2375"]
[BlackElo "2365"]
[PlyCount "61"]
[EventDate "1982.04.15"]
[EventType "tourn"]
[EventRounds "15"]
[EventCountry "ENG"]
[SourceTitle "BritBase"]
[Source "John Saunders"]
[SourceDate "2023.10.13"]
[SourceVersion "1"]
[SourceVersionDate "2023.10.13"]
[SourceQuality "1"]

1. e4 c5 2. Nf3 Nc6 3. Bd3 g6 4. c3 Bg7 5. Bc2 e5 6. O-O Nge7 7. d3 O-O 8. Be3
d6 9. h3 h6 10. Qd2 Kh7 11. d4 exd4 12. cxd4 Qb6 13. dxc5 Qxb2 14. cxd6 Qxa1
15. dxe7 Re8 16. e5 Nxe5 17. Nd4 Nc4 18. Qb4 b5 19. Qxb5 Nd6 20. Qc6 Bxd4 21.
Qxd6 Be5 22. Qc5 Ba6 23. Qd5 Kg7 24. Re1 Rac8 25. Bc5 Bf6 26. Bb3 Bd3 27. Qxf7+
Kh8 28. Ba4 Bxe7 29. Rxe7 g5 30. Bxe8 Qxb1+ 31. Kh2 1-0

[Event "Phillips & Drew GLC Knights"]
[Site "London, County Hall"]
[Date "1982.04.21"]
[Round "7"]
[White "McNab, Colin Anderson"]
[Black "Sowray, Peter John"]
[Result "1-0"]
[WhiteElo "2340"]
[BlackElo "2270"]
[PlyCount "115"]
[EventDate "1982.04.15"]
[EventType "tourn"]
[EventRounds "15"]
[EventCountry "ENG"]
[SourceTitle "BritBase"]
[Source "John Saunders"]
[SourceDate "2023.10.13"]
[SourceVersion "1"]
[SourceVersionDate "2023.10.13"]
[SourceQuality "1"]

1. Nf3 d6 2. d4 Bg4 3. e4 Nf6 4. Nc3 g6 5. Be2 Bg7 6. Be3 O-O 7. h3 Bxf3 8.
gxf3 e5 9. Qd2 Nc6 10. d5 Nd4 11. Bxd4 exd4 12. Qxd4 Nh5 13. Qc4 Nf4 14. Bf1 a6
15. Qb3 Qg5 16. Ne2 Bh6 17. Rg1 Qe5 18. Qc3 Qe7 19. Rg4 Nxe2 20. Bxe2 Rae8 21.
Qd3 Qe5 22. c3 Qh2 23. Kd1 f5 24. exf5 Qh1+ 25. Bf1 Rxf5 26. Rg3 Ref8 27. Kc2
Rxf3 28. Rxf3 Qxf3 29. Qxf3 Rxf3 30. Kb3 Rxf2 31. a4 Bg7 32. Re1 Be5 33. Bc4
Kg7 34. Re3 Kf6 35. Be2 Kg5 36. Bg4 Kf4 37. Re1 b6 38. Bc8 a5 39. Rg1 Ke4 40.
Be6 Rf6 41. Bg8 h5 42. Kc4 Kf3 43. Rf1+ Kg2 44. Rxf6 Bxf6 45. Bf7 g5 46. Bxh5
Kxh3 47. Kb5 g4 48. Kc6 g3 49. Bf3 g2 50. Bxg2+ Kxg2 51. Kxc7 Kf3 52. Kxb6 Bd8+
53. Kc6 Ke4 54. Kxd6 Kd3 55. Kc5 Kc2 56. b4 Kb3 57. Kb5 Kxc3 58. bxa5 1-0

[Event "Phillips & Drew GLC Knights"]
[Site "London, County Hall"]
[Date "1982.04.21"]
[Round "7"]
[White "Norris, Alan J"]
[Black "Nicholson, John Graham"]
[Result "1/2-1/2"]
[WhiteElo "2265"]
[BlackElo "2300"]
[PlyCount "141"]
[EventDate "1982.04.15"]
[EventType "tourn"]
[EventRounds "15"]
[EventCountry "ENG"]
[SourceTitle "BritBase"]
[Source "John Saunders"]
[SourceDate "2023.10.13"]
[SourceVersion "1"]
[SourceVersionDate "2023.10.13"]
[SourceQuality "1"]

1. e4 c5 2. Nf3 e6 3. d4 cxd4 4. Nxd4 Nf6 5. Nc3 d6 6. g4 h6 7. h4 Nc6 8. Rg1
h5 9. g5 Ng4 10. Be2 Qb6 11. Bxg4 Qxd4 12. Be3 Qxd1+ 13. Bxd1 Bd7 14. Be2 O-O-O
15. O-O-O Kb8 16. Rd2 Ne5 17. f4 Ng6 18. Rh1 Bc6 19. Bf3 Be7 20. Ne2 b6 21. Nd4
Bb7 22. f5 Ne5 23. Bg2 Nc4 24. Rd3 e5 25. Nb5 d5 26. exd5 Nxe3 27. Rxe3 Bxd5
28. Bxd5 Rxd5 29. Nc3 Rd4 30. Rxe5 Rxh4 31. Rg1 Bd6 32. Re2 Bf4+ 33. Kd1 Rd8+
34. Ke1 Bc1 35. b3 Rf4 36. f6 gxf6 37. gxf6 Rxf6 38. Ne4 Rf4 39. Nf2 Bb2 40.
Nd3 Bc3+ 41. Kd1 Rg4 42. Rf1 h4 43. Re7 f6 44. Rh7 Rdg8 45. a4 Rg1 46. Rxg1
Rxg1+ 47. Ke2 Rg2+ 48. Kf3 Rxc2 49. Rxh4 Rd2 50. Ke3 Ra2 51. Nb4 Bxb4 52. Rxb4
Rb2 53. Ke4 Kc7 54. Rc4+ Kd6 55. Rc3 a5 56. Rf3 Kc5 57. Rf5+ Kb4 58. Rb5+ Ka3
59. Rxb6 f5+ 60. Kxf5 Rxb3 61. Ra6 Kxa4 62. Ke4 Rb8 63. Kd3 Rc8 64. Rb6 Ka3 65.
Kd2 a4 66. Rb7 Ka2 67. Rb6 a3 68. Rb7 Rh8 69. Kc2 Rh2+ 70. Kc1 Rb2 71. Rc7
1/2-1/2

[Event "Phillips & Drew GLC Knights"]
[Site "London, County Hall"]
[Date "1982.04.21"]
[Round "7"]
[White "Rumens, David E"]
[Black "Flear, Glenn C"]
[Result "0-1"]
[WhiteElo "2320"]
[BlackElo "2390"]
[PlyCount "48"]
[EventDate "1982.04.15"]
[EventType "tourn"]
[EventRounds "15"]
[EventCountry "ENG"]
[SourceTitle "BritBase"]
[Source "John Saunders"]
[SourceDate "2023.10.13"]
[SourceVersion "1"]
[SourceVersionDate "2023.10.13"]
[SourceQuality "1"]

1. e4 e5 2. Nf3 Nc6 3. Bb5 a6 4. Ba4 Nf6 5. O-O b5 6. Bb3 Bb7 7. Re1 Bc5 8. c3
d6 9. d4 Bb6 10. a4 h6 11. Qd3 O-O 12. Nbd2 Re8 13. d5 Ne7 14. Nf1 Nexd5 15.
axb5 Nf4 16. Bxf4 exf4 17. e5 Ng4 18. Bxf7+ Kh8 19. Re2 Nxe5 20. Nxe5 dxe5 21.
Qg6 Rf8 22. Rxe5 Qh4 23. Re2 Rxf7 24. Qxf7 Qg4 0-1